Animaux sauvages de France - Statistiques

Statistiques générales
  • Ce quiz a été pris 445 fois
  • Le résultat moyen est 10 sur 16
Statistiques - réponses
Par images Réponse % Correct
Lièvre
91%
Sanglier
91%
Hérisson
90%
Lynx
90%
Cerf
88%
Marmotte
86%
Ours Brun
75%
Chamois
68%
Bouquetin
59%
Furet
55%
Belette
53%
Loup Gris
53%
Lapin de garenne
46%
Loutre d'europe
18%
Phoque Gris
17%
Chien viverrin
14%
Aucun quiz correspondant
Distribution des résultats
% des personnes avec chaque résultat
Percentile par nombre de réponses
Votre historique - résultats
Vous n’avez pas pris ce quiz